000 00626nam a2200205 i 4500
001 bgj
245 1 0 _aZeitschrift für Literaturwissenschaft und Linguistik :
_bMethodische Perspektiven.
_chrsg. von Helmut Kreuzer [et al.] ; Wolfgang Klein.
_nHeft 1-2/1971 /
246 1 _aMethodische Perspektiven.
260 _aFrankfurt am Main :
_bAthenäum Verlag,
_c1971.
300 _a204 s. :
_bil.
_c23 cm.
650 9 _aLiteratura
700 1 _aKREUZER, Helmut.
700 1 _aKLEIN, Wolfgang.
040 _cBPK
041 0 _ager
044 _aDEU
080 _a82
942 _cKS
008 s gw f |000 0 ger
999 _c50026
_d50026
856 _uhttp://koha.tu.koszalin.pl/cgi-bin/koha/opac-detail.pl?biblionumber=50026
_yKatalog online BPK